[Event "Frauenbundesliga 2018/2019"]
[Site "St.Veit/Glan Fuchspalast & Blumenhalle; Jenbach Veranstaltungszentrum"]
[Date "2018.11.17"]
[Round "1"]
[Board "1"]
[White "Polterauer, Chiara"]
[Black "Worek, Joanna"]
[Result "1/2-1/2"]
[WhiteElo "2218"]
[BlackElo "2308"]
[PlyCount "118"]
[EventDate "2018.11.17"]
[EventType "team"]
[EventRounds "7"]
[EventCountry "AUT"]
[WhiteTeam "SV "Monatsblatt" St.Veit/Glan"]
[BlackTeam "ASVOE Pamhagen"]

1. e4 {[%emt 0:00:00]} c5 {[%emt 0:00:00]} 2. Nf3 Nc6 3. d4 cxd4 4. Nxd4 g6 5.
c4 Bg7 6. Be3 d6 7. Nc3 Nxd4 8. Bxd4 Nf6 9. Be2 O-O 10. O-O a5 11. f3 Bd7 12.
b3 Bc6 13. Qd2 Nd7 14. Be3 Nc5 15. Rac1 e6 16. Rfd1 Be5 17. Bf1 f5 18. exf5
gxf5 19. Qf2 Qe7 20. Ne2 f4 21. Nxf4 Rxf4 22. Qg3+ Kf7 23. Bxf4 Rg8 24. Bxe5
Rxg3 25. Bxg3 e5 26. Rd2 h5 27. Bf2 h4 28. h3 Ne6 29. Rcd1 Nf4 30. Kh2 e4 31.
fxe4 Qe5 32. Bxh4 Ne2+ 33. Kh1 Nc3 34. Rf2+ Kg8 35. Bf6 Qh5 36. Rxd6 Nxe4 37.
Rd8+ Kf7 38. Rf4 Nxf6 39. Rd6 Qxh3+ 40. Kg1 Qe3+ 41. Rf2 Qxf2+ 42. Kxf2 Ne4+
43. Ke3 Nxd6 44. Kd4 Ke7 45. Kc5 Ne4+ 46. Kb6 Nc3 47. Kxa5 Nxa2 48. b4 Kd7 49.
g4 Kc7 50. c5 Be4 51. Kb5 Bd5 52. Bd3 Nc3+ 53. Ka5 Ne4 54. Bc2 Ng5 55. b5 Bf3
56. Bf5 Be2 57. Kb4 Nf7 58. Be6 Ne5 59. c6 bxc6  1/2-1/2

[Event "Frauenbundesliga 2018/2019"]
[Site "St.Veit/Glan Fuchspalast & Blumenhalle; Jenbach Veranstaltungszentrum"]
[Date "2018.11.17"]
[Round "1"]
[Board "2"]
[White "Teuschler, Barbara"]
[Black "Hiebler, Laura"]
[Result "1/2-1/2"]
[WhiteElo "2203"]
[BlackElo "2023"]
[PlyCount "116"]
[EventDate "2018.11.17"]
[EventType "team"]
[EventRounds "7"]
[EventCountry "AUT"]
[WhiteTeam "ASVOE Pamhagen"]
[BlackTeam "SV "Monatsblatt" St.Veit/Glan"]

1. e4 {[%emt 0:00:00]} e6 2. d4 d5 3. Nc3 Nf6 4. e5 Nfd7 5. f4 c5 6. Nf3 Be7 7.
Be3 O-O 8. Be2 Nc6 9. O-O f5 10. exf6 Nxf6 11. h3 Nh5 12. dxc5 Nxf4 13. Bb5 Qc7
14. Ne2 Nxe2+ 15. Qxe2 Bd7 16. Rad1 Rad8 17. Bf2 Bf6 18. c4 a6 19. cxd5 exd5
20. Bxc6 bxc6 21. Bd4 Rde8 22. Qd2 Qg3 23. Qf2 Bxd4 24. Rxd4 Qg6 25. Kh2 Re4
26. Rfd1 Rfe8 27. Qg3 Qxg3+ 28. Kxg3 Re2 29. R1d2 Rxd2 30. Rxd2 Re4 31. Rd4 Re2
32. Nd2 Kf7 33. Kf3 Re1 34. Kf2 Rc1 35. b4 Ra1 36. Nf3 Rxa2+ 37. Kg3 Ke7 38.
Ne5 Re2 39. Nf3 Rb2 40. Ne5 Re2 41. Nf3 Bf5 42. Kf4 Bd7 43. g4 h6 44. h4 Re4+
45. Rxe4+ dxe4 46. Ne5 e3 47. Kxe3 g5 48. h5 Be8 49. Ke4 Kf6 50. Kd4 Ke6 51.
Nc4 Kf6 52. Nd6 Bd7 53. Ne4+ Ke7 54. Nf2 Kf6 55. Ke4 Be6 56. Kd4 Bd5 57. Ne4+
Bxe4 58. Kxe4 Ke6  1/2-1/2

[Event "Frauenbundesliga 2018/2019"]
[Site "St.Veit/Glan Fuchspalast & Blumenhalle; Jenbach Veranstaltungszentrum"]
[Date "2018.11.17"]
[Round "1"]
[Board "3"]
[White "Tarmastin, Laura"]
[Black "Batyte, Daiva"]
[Result "0-1"]
[WhiteElo "1895"]
[BlackElo "2144"]
[PlyCount "69"]
[EventDate "2018.11.17"]
[EventType "team"]
[EventRounds "7"]
[EventCountry "AUT"]
[WhiteTeam "SV "Monatsblatt" St.Veit/Glan"]
[BlackTeam "ASVOE Pamhagen"]

1. e4 {[%emt 0:00:00]} e6 2. d4 d5 3. e5 c5 4. c3 Nc6 5. Nf3 cxd4 6. cxd4 Qb6
7. a3 Nh6 8. Bd3 Nf5 9. Bxf5 exf5 10. Nc3 Be6 11. b4 Be7 12. O-O O-O 13. Bb2
Rfe8 14. Qd3 Qd8 15. Rac1 Qd7 16. Qd2 h6 17. Rc2 Rac8 18. Rd1 b6 19. Ne1 f4 20.
Qxf4 Bf5 21. Re2 Bg5 22. Qg3 Re6 23. Qf3 Ne7 24. Nd3 Rec6 25. e6 Rxe6 26. Rxe6
Qxe6 27. Re1 Qf6 28. Ne5 Be6 29. Qxf6 gxf6 30. Nf3 Bf4 31. g3 Bb8 32. Kg2 Nf5
33. Rc1 Nd6 34. Rc2 Nc4 35. Re2  0-1

[Event "Frauenbundesliga 2018/2019"]
[Site "St.Veit/Glan Fuchspalast & Blumenhalle; Jenbach Veranstaltungszentrum"]
[Date "2018.11.17"]
[Round "1"]
[Board "4"]
[White "Kosc, Renata"]
[Black "Krassnitzer, Maria"]
[Result "1-0"]
[WhiteElo "1990"]
[BlackElo "1638"]
[PlyCount "37"]
[EventDate "2018.11.17"]
[EventType "team"]
[EventRounds "7"]
[EventCountry "AUT"]
[WhiteTeam "ASVOE Pamhagen"]
[BlackTeam "SV "Monatsblatt" St.Veit/Glan"]

1. e4 {[%emt 0:00:00]} d5 2. exd5 Qxd5 3. Nc3 Qa5 4. d4 c6 5. Nf3 Bg4 6. h3 Bh5
7. Bc4 e6 8. g4 Bg6 9. Ne5 Bd6 10. Qe2 Bxe5 11. dxe5 Nd7 12. f4 O-O-O 13. Bd2
Qc7 14. O-O-O Ne7 15. Qf2 Nb6 16. Bb3 Ned5 17. Nxd5 Nxd5 18. Qxa7 Nb6 19. Ba5
 1-0

[Event "Frauenbundesliga 2018/2019"]
[Site "St.Veit/Glan Fuchspalast & Blumenhalle; Jenbach Veranstaltungszentrum"]
[Date "2018.11.17"]
[Round "1"]
[Board "1"]
[White "Schnegg, Anna-Lena"]
[Black "Rozman, Monika"]
[Result "1-0"]
[WhiteElo "2238"]
[BlackElo "2077"]
[PlyCount "145"]
[EventDate "2018.11.17"]
[EventType "team"]
[EventRounds "7"]
[EventCountry "AUT"]
[WhiteTeam "SK Mayrhofen/Zell/Zillertal"]
[BlackTeam "SV Chesshero Rapid Feffernitz"]

1. c4 Nf6 2. Nc3 d5 3. cxd5 Nxd5 4. g3 c6 5. Bg2 g6 6. Nf3 Bg7 7. d4 O-O 8. O-O
Nd7 9. e4 Nxc3 10. bxc3 e5 11. Be3 exd4 12. cxd4 Nb6 13. Qc2 f5 14. Qb3+ Kh8
15. Ne5 Qe8 16. Nd3 Be6 17. Qc2 fxe4 18. Nc5 Bc4 19. Rfd1 Qf7 20. Nxe4 Rad8 21.
Rd2 Bd5 22. Bg5 Bxe4 23. Bxe4 Rxd4 24. Rad1 Rxd2 25. Rxd2 Nc4 26. Re2 Ne5 27.
Bf4 Ng4 28. h3 Nf6 29. Bg2 Nd5 30. Be5 Bxe5 31. Rxe5 Nb4 32. Qc3 Nxa2 33. Qb2
Qf6 34. f4 g5 35. Qxa2 gxf4 36. gxf4 Qxf4 37. Qa1 Qf6 38. Qe1 Rg8 39. Re4 c5
40. Kh1 b5 41. Re7 a6 42. Qe4 Rg7 43. Re6 Qg5 44. Qf3 b4 45. Rxa6 Qe7 46. Ra1
Rg8 47. Rc1 Qg5 48. Rc4 Qe5 49. Rc1 Qg5 50. Rb1 Qe5 51. Qb7 Qe3 52. Rf1 b3 53.
Qf7 Rg7 54. Qf8+ Rg8 55. Qf6+ Rg7 56. Rd1 h5 57. Rd8+ Kh7 58. Qf5+ Rg6 59.
Qxh5+ Qh6 60. Qxc5 Rxg2 61. Kxg2 Qg7+ 62. Kh2 Qb2+ 63. Kg3 Qg7+ 64. Kh4 Qf6+
65. Qg5 Qf2+ 66. Qg3 Qf6+ 67. Qg5 Qf2+ 68. Kg4 Qg1+ 69. Kf5 Qc5+ 70. Kf6 Qc6+
71. Kf7 Qc4+ 72. Ke8 Qe6+ 73. Qe7+  1-0

[Event "Frauenbundesliga 2018/2019"]
[Site "St.Veit/Glan Fuchspalast & Blumenhalle; Jenbach Veranstaltungszentrum"]
[Date "2018.11.17"]
[Round "1"]
[Board "2"]
[White "Urh, Zala"]
[Black "Schloffer, Jasmin-Denise"]
[Result "0-1"]
[WhiteElo "2046"]
[BlackElo "2135"]
[PlyCount "102"]
[EventDate "2018.11.17"]
[EventType "team"]
[EventRounds "7"]
[EventCountry "AUT"]
[WhiteTeam "SV Chesshero Rapid Feffernitz"]
[BlackTeam "SK Mayrhofen/Zell/Zillertal"]

1. d4 {[%emt 0:00:00]} Nf6 2. c4 e6 3. Nc3 Bb4 4. Qc2 O-O 5. a3 Bxc3+ 6. Qxc3
b6 7. Bg5 Bb7 8. e3 d6 9. Ne2 Nbd7 10. Qc2 Qe7 11. Nc3 h6 12. Bh4 Rac8 13. Rd1
Rfd8 14. f3 d5 15. Be2 c5 16. dxc5 Qxc5 17. Bf2 Qe7 18. O-O Ne5 19. cxd5 Nxd5
20. Nxd5 Rxd5 21. Qa4 Bc6 22. Qb3 Rxd1 23. Rxd1 Bd5 24. Qb5 Qg5 25. e4 Bc4 26.
Bxc4 Rxc4 27. Kh1 Rc1 28. Qf1 Rc2 29. Bg3 Nc4 30. f4 Qc5 31. b4 Qc6 32. Qf3 Nd2
33. Qd3 Nxe4 34. Rf1 Rd2 35. Qe3 Qd5 36. Bh4 Rd3 37. Qc1 Nc3 38. Qc2 Ne4 39.
Qc8+ Kh7 40. Qc1 Rd2 41. Qc7 Qd4 42. h3 Qd7 43. Qe5 Nd6 44. Re1 Qb7 45. Rg1 Nf5
46. Be1 Rd3 47. Kh2 Re3 48. Qb2 Qe4 49. Qf2 g5 50. a4 Re2 51. Qf1 gxf4  0-1

[Event "Frauenbundesliga 2018/2019"]
[Site "St.Veit/Glan Fuchspalast & Blumenhalle; Jenbach Veranstaltungszentrum"]
[Date "2018.11.17"]
[Round "1"]
[Board "3"]
[White "Wu, Min"]
[Black "Tscharnuter, Alexandra"]
[Result "1-0"]
[WhiteElo "1924"]
[BlackElo "1746"]
[PlyCount "87"]
[EventDate "2018.11.17"]
[EventType "team"]
[EventRounds "7"]
[EventCountry "AUT"]
[WhiteTeam "SK Mayrhofen/Zell/Zillertal"]
[BlackTeam "SV Chesshero Rapid Feffernitz"]

1. e4 {[%emt 0:00:00]} e5 2. Nf3 Nc6 3. Nc3 Nf6 4. d4 exd4 5. Nxd4 Nxd4 6. Qxd4
d6 7. Be2 Be7 8. Bf4 Be6 9. O-O-O O-O 10. Kb1 a6 11. Nd5 Nxd5 12. exd5 Bf6 13.
Qd2 Bd7 14. h4 Be5 15. Bg5 Bf6 16. Qf4 Re8 17. Bg4 Bxg4 18. Qxg4 c6 19. f4 Re4
20. Qf5 cxd5 21. Rxd5 Qe7 22. Rhd1 Re6 23. Qd3 h6 24. Bxf6 Qxf6 25. f5 Re5 26.
Rxd6 Qxf5 27. Rd8+ Rxd8 28. Qxd8+ Kh7 29. Qd2 Qe4 30. a3 Qxh4 31. Rf1 Qe7 32.
Qd3+ Kg8 33. Rd1 Re2 34. g4 Qe4 35. Qb3 Re3 36. Qb6 Qxg4 37. Rd8+ Kh7 38. Qxe3
h5 39. Rd4 Qc8 40. Qg5 g6 41. Rd6 Qc4 42. Qf6 Qc8 43. Qxf7+ Kh8 44. Rxg6  1-0

[Event "Frauenbundesliga 2018/2019"]
[Site "St.Veit/Glan Fuchspalast & Blumenhalle; Jenbach Veranstaltungszentrum"]
[Date "2018.11.17"]
[Round "1"]
[Board "4"]
[White "Zoehrer, Sarah"]
[Black "Konecny, Sophie"]
[Result "0-1"]
[WhiteElo "1694"]
[BlackElo "1936"]
[PlyCount "72"]
[EventDate "2018.11.17"]
[EventType "team"]
[EventRounds "7"]
[EventCountry "AUT"]
[WhiteTeam "SV Chesshero Rapid Feffernitz"]
[BlackTeam "SK Mayrhofen/Zell/Zillertal"]

1. d4 {[%emt 0:00:00]} Nf6 {[%emt 0:00:00]} 2. Bf4 e6 3. Nf3 d5 4. e3 Bd6 5.
Bg3 O-O 6. Bd3 b6 7. c3 Bb7 8. Nbd2 Nbd7 9. Qc2 h6 10. O-O-O Qe7 11. Bh4 c5 12.
g4 c4 13. Be2 g5 14. Bg3 Kg7 15. h3 Rh8 16. Nh2 e5 17. dxe5 Bxe5 18. Bxe5 Nxe5
19. Nhf3 Rad8 20. Nd4 Qd7 21. f4 Ng6 22. Rdf1 gxf4 23. exf4 Rde8 24. Bd1 Ne4
25. Rhg1 Nc5 26. f5 Nd3+ 27. Kb1 Ngf4 28. Rf3 Kf8 29. b3 b5 30. Nf1 Ne1 31. Qh2
Nxf3 32. Bxf3 Re1+ 33. Kc2 Nd3 34. Be2 Ra1 35. Qb8+ Kg7 36. Qxa7 Ra8  0-1

[Event "Frauenbundesliga 2018/2019"]
[Site "St.Veit/Glan Fuchspalast & Blumenhalle; Jenbach Veranstaltungszentrum"]
[Date "2018.11.17"]
[Round "1"]
[Board "1"]
[White "Skuhala, Barbara"]
[Black "Hrescak, Ivana"]
[Result "0-1"]
[WhiteElo "2100"]
[BlackElo "2128"]
[PlyCount "88"]
[EventDate "2018.11.17"]
[EventType "team"]
[EventRounds "7"]
[EventCountry "AUT"]
[WhiteTeam "SC Extraherb WS"]
[BlackTeam "SK Advisory Invest Baden"]

1. e4 {[%emt 0:00:00]} c5 2. Nf3 d6 3. d4 cxd4 4. Nxd4 Nf6 5. f3 e5 6. Nb3 d5
7. Bg5 Be6 8. Bxf6 gxf6 9. exd5 Qxd5 10. Qxd5 Bxd5 11. Nc3 Be6 12. O-O-O Nc6
13. Ne4 Ke7 14. c3 Bh6+ 15. Kb1 Rad8 16. Bd3 Bf4 17. g3 Bh6 18. Rhe1 b6 19. Bc2
f5 20. Nf2 Rxd1+ 21. Rxd1 Rd8 22. Rxd8 Kxd8 23. h3 Be3 24. Nd1 Bg5 25. Nf2 h5
26. Bd3 Ne7 27. Kc2 Nd5 28. Nd1 h4 29. g4 Nf4 30. Nf2 Bd5 31. Nd2 Nxd3 32. Kxd3
Bxd2 33. Kxd2 Bxf3 34. gxf5 Ke7 35. Ke3 Bg2 36. Ng4 Kd6 37. Nf2 a6 38. Kd3 Ke7
39. Ne4 Bxh3 40. f6+ Kd7 41. Ng5 Bf1+ 42. Ke3 h3 43. Nf3 Ke6 44. Kf2 Bg2  0-1

[Event "Frauenbundesliga 2018/2019"]
[Site "St.Veit/Glan Fuchspalast & Blumenhalle; Jenbach Veranstaltungszentrum"]
[Date "2018.11.17"]
[Round "1"]
[Board "2"]
[White "Trippold, Denise"]
[Black "Ramadani, Sarah"]
[Result "1-0"]
[WhiteElo "2162"]
[BlackElo "1836"]
[PlyCount "71"]
[EventDate "2018.11.17"]
[EventType "team"]
[EventRounds "7"]
[EventCountry "AUT"]
[WhiteTeam "SK Advisory Invest Baden"]
[BlackTeam "SC Extraherb WS"]

1. d4 {[%emt 0:00:00]} Nf6 2. c4 g6 3. Nc3 Bg7 4. e4 d6 5. h3 Nbd7 6. Nf3 O-O
7. Be3 Ne8 8. Be2 e5 9. O-O a6 10. Bg5 f6 11. Be3 f5 12. exf5 gxf5 13. dxe5
dxe5 14. Ng5 f4 15. Ne6 Qh4 16. Nxf8 Nxf8 17. Bd2 Be6 18. Ne4 Nf6 19. Nxf6+
Bxf6 20. Bc3 Rd8 21. Qc2 Rd7 22. Kh2 Rg7 23. Bf3 Ng6 24. Bd5 Bxd5 25. cxd5 Qg5
26. Qe4 Be7 27. Rg1 Bc5 28. Qc4 Bxf2 29. d6+ Kh8 30. dxc7 Bxg1+ 31. Rxg1 Ne7
32. c8=Q+ Nxc8 33. Qxc8+ Rg8 34. Qe6 h5 35. Bxe5+ Kh7 36. Qf7+  1-0

[Event "Frauenbundesliga 2018/2019"]
[Site "St.Veit/Glan Fuchspalast & Blumenhalle; Jenbach Veranstaltungszentrum"]
[Date "2018.11.17"]
[Round "1"]
[Board "1"]
[White "Ragger, Anna-Christina"]
[Black "Richterova, Natasa"]
[Result "0-1"]
[WhiteElo "2276"]
[BlackElo "2227"]
[PlyCount "88"]
[EventDate "2018.11.17"]
[EventType "team"]
[EventRounds "7"]
[EventCountry "AUT"]
[WhiteTeam "SV Wulkaprodersdorf"]
[BlackTeam "Spg Steyr"]

1. e4 {[%emt 0:00:00]} e5 2. Nf3 Nc6 3. Nc3 Nf6 4. d4 exd4 5. Nxd4 Bb4 6. Nxc6
bxc6 7. Bd3 d5 8. exd5 cxd5 9. O-O O-O 10. h3 h6 11. Qf3 c6 12. Bf4 Bd6 13. Ne2
Rb8 14. b3 c5 15. Ng3 Bxf4 16. Qxf4 Rb4 17. Qf3 Qc7 18. c4 Bb7 19. Qf5 Bc8 20.
Qf3 Bb7 21. Nh5 dxc4 22. Nxf6+ gxf6 23. Be4 Bxe4 24. Qxe4 cxb3 25. Qe3 b2 26.
Rab1 Qe5 27. Qd2 Re8 28. Rfd1 Rd4 29. Qc2 Rxd1+ 30. Qxd1 Qe1+ 31. Qxe1 Rxe1+
32. Rxe1 c4 33. Rb1 c3 34. Kh2 c2 35. Rxb2 c1=Q 36. Rb3 Qd2 37. a3 Qxf2 38.
Rb8+ Kg7 39. Rb3 Qf4+ 40. Kg1 Qd4+ 41. Kh2 Qd6+ 42. Rg3+ Kf8 43. h4 Qf4 44. Kh3
h5  0-1

[Event "Frauenbundesliga 2018/2019"]
[Site "St.Veit/Glan Fuchspalast & Blumenhalle; Jenbach Veranstaltungszentrum"]
[Date "2018.11.17"]
[Round "1"]
[Board "2"]
[White "Saler-Grafenberger, Elisabeth"]
[Black "Cvitan, Ena"]
[Result "0-1"]
[WhiteElo "1860"]
[BlackElo "2203"]
[PlyCount "64"]
[EventDate "2018.11.17"]
[EventType "team"]
[EventRounds "7"]
[EventCountry "AUT"]
[WhiteTeam "Spg Steyr"]
[BlackTeam "SV Wulkaprodersdorf"]

1. c4 {[%emt 0:00:00]} e6 {[%emt 0:00:00]} 2. d4 d5 3. Nf3 a6 4. cxd5 exd5 5.
Nc3 Nf6 6. Bg5 Be6 7. e3 Nbd7 8. Be2 Bd6 9. O-O c6 10. Rc1 Qc7 11. h3 Ne4 12.
Nxe4 dxe4 13. Nd2 h6 14. Nxe4 hxg5 15. Nxg5 Bf5 16. Bd3 Bxd3 17. Qxd3 Be7 18.
Qf5 Bxg5 19. Qxg5 O-O 20. b3 Qd6 21. Rc4 Rfe8 22. Qg4 Rad8 23. Rfc1 Qd5 24. Qh4
Qe4 25. Qg5 Nf6 26. Qg3 Nd5 27. a3 Re6 28. Qg5 Rde8 29. g4 Qf3 30. Kf1 Qxh3+
31. Ke2 Rxe3+ 32. fxe3 Rxe3+  0-1

[Event "Frauenbundesliga 2018/2019"]
[Site "St.Veit/Glan Fuchspalast & Blumenhalle; Jenbach Veranstaltungszentrum"]
[Date "2018.11.17"]
[Round "1"]
[Board "3"]
[White "Moerwald, Magdalena"]
[Black "Hackbarth, Christa"]
[Result "1-0"]
[WhiteElo "1838"]
[BlackElo "1774"]
[PlyCount "45"]
[EventDate "2018.11.17"]
[EventType "team"]
[EventRounds "7"]
[EventCountry "AUT"]
[WhiteTeam "SV Wulkaprodersdorf"]
[BlackTeam "Spg Steyr"]

1. e4 {[%emt 0:00:00]} c6 {[%emt 0:00:00]} 2. d4 {[%emt 0:00:00]} d5 3. exd5
cxd5 4. Bd3 Nc6 5. c3 Nf6 6. h3 e6 7. Nf3 Be7 8. Bf4 Bd6 9. Bxd6 Qxd6 10. O-O
Bd7 11. Nbd2 O-O 12. Re1 Ne7 13. Ne5 Ng6 14. Nxg6 hxg6 15. Nf3 Rfc8 16. Ne5 Rc7
17. Qf3 Be8 18. h4 Nd7 19. Qh3 Nf6 20. Be2 Re7 21. Qg3 Nd7 22. Nxg6 e5 23.
Nxe7+  1-0

[Event "Frauenbundesliga 2018/2019"]
[Site "St.Veit/Glan Fuchspalast & Blumenhalle; Jenbach Veranstaltungszentrum"]
[Date "2018.11.17"]
[Round "1"]
[Board "4"]
[White "Nagy, Laura"]
[Black "Tschida, Verena"]
[Result "1-0"]
[WhiteElo "1808"]
[BlackElo "1612"]
[PlyCount "75"]
[EventDate "2018.11.17"]
[EventType "team"]
[EventRounds "7"]
[EventCountry "AUT"]
[WhiteTeam "Spg Steyr"]
[BlackTeam "SV Wulkaprodersdorf"]

1. e4 {[%emt 0:00:00]} c5 2. Nc3 Nc6 3. g3 g6 4. Bg2 Bg7 5. Nge2 d6 6. d3 Nf6
7. h3 O-O 8. Be3 Bd7 9. O-O Qc8 10. Kh2 Rb8 11. Qd2 b5 12. Bh6 b4 13. Nd1 Bxh6
14. Qxh6 Nd4 15. Nxd4 cxd4 16. Qd2 Ba4 17. Rc1 Qa6 18. c4 Nd7 19. b3 Bc6 20. f4
f5 21. Nf2 Qb7 22. Rce1 Rbe8 23. a3 bxa3 24. b4 Qc7 25. Ra1 Ra8 26. Rxa3 fxe4
27. dxe4 e5 28. Nd3 Nf6 29. c5 Bxe4 30. cxd6 Qxd6 31. fxe5 Qe6 32. Rxf6 Rxf6
33. exf6 Rf8 34. Nc5 Qxf6 35. Nxe4 Qb6 36. Nc5 Rd8 37. Ra6 Qb8 38. Qb2  1-0

[Event "Frauenbundesliga 2018/2019"]
[Site "St.Veit/Glan Fuchspalast & Blumenhalle; Jenbach Veranstaltungszentrum"]
[Date "2018.11.17"]
[Round "1"]
[Board "1"]
[White "Katter, Katharina"]
[Black "Brunello, Marina"]
[Result "0-1"]
[WhiteElo "1816"]
[BlackElo "2356"]
[PlyCount "116"]
[EventDate "2018.11.17"]
[EventType "team"]
[EventRounds "7"]
[EventCountry "AUT"]
[WhiteTeam "SK DolomitenBank Lienz"]
[BlackTeam "Schach ohne Grenzen"]

1. d4 {[%emt 0:00:00]} d5 2. Nf3 Nf6 3. e3 c5 4. Bd3 Nc6 5. b3 Bg4 6. Bb2 e6 7.
Nbd2 cxd4 8. exd4 Bd6 9. O-O O-O 10. Be2 Qc7 11. Ne5 Bf5 12. f4 Nb4 13. Bd3
Bxd3 14. cxd3 Qc2 15. Qxc2 Nxc2 16. Rac1 Rfc8 17. Ndf3 Ne8 18. Rf2 Nb4 19. a3
Rxc1+ 20. Bxc1 Rc8 21. Bb2 Nc2 22. Re2 f6 23. Nd7 Kf7 24. b4 b6 25. Nc5 Nxb4
26. axb4 bxc5 27. dxc5 Bxf4 28. g3 Bh6 29. Nd4 Nc7 30. Kf2 a6 31. Kg2 g6 32.
Nc2 {[%emt 0:00:00]} e5 33. d4 e4 34. Ne3 {[%emt 0:00:00]} Rb8 35. Nc2 {[%emt
0:00:00]} Ke6 {[%emt 0:00:00]} 36. Bc3 {[%emt 0:00:00]} f5 {[%emt 0:00:00]} 37.
Bd2 {[%emt 0:00:00]} Bxd2 {[%emt 0:00:00]} 38. Rxd2 {[%emt 0:00:00]} g5 {[%emt
0:00:00]} 39. Rf2 {[%emt 0:00:00]} Nb5 {[%emt 0:00:00]} 40. Rf1 {[%emt 0:00:00]
} Rf8 {[%emt 0:00:00]} 41. Ra1 {[%emt 0:00:00]} Nc7 42. b5 axb5 43. Ra7 Rf7 44.
Nb4 f4 45. Nc6 f3+ 46. Kf1 Kf6 47. Ne5 Re7 48. Nc6 Rg7 49. Ne5 Kf5 50. c6 Ke6
51. Kf2 Kd6 52. Rb7 Rg8 53. Rb6 Ra8 54. Nf7+ Ke7 55. Nxg5 Ra2+ 56. Kf1 h6 57.
Rb7 Kd6 58. Nf7+ Kxc6  0-1

[Event "Frauenbundesliga 2018/2019"]
[Site "St.Veit/Glan Fuchspalast & Blumenhalle; Jenbach Veranstaltungszentrum"]
[Date "2018.11.17"]
[Round "1"]
[Board "2"]
[White "Ganzera, Andrea"]
[Black "Landl, Margot"]
[Result "0-1"]
[WhiteElo "1979"]
[BlackElo "1942"]
[PlyCount "80"]
[EventDate "2018.11.17"]
[EventType "team"]
[EventRounds "7"]
[EventCountry "AUT"]
[WhiteTeam "Schach ohne Grenzen"]
[BlackTeam "SK DolomitenBank Lienz"]

1. d4 {[%emt 0:00:00]} f5 2. c4 Nf6 3. Nc3 e6 4. Nf3 Bb4 5. Bd2 O-O 6. a3 Bxc3
7. Bxc3 b6 8. e3 Bb7 9. Bd3 Ne4 10. Bxe4 fxe4 11. Nd2 Qh4 12. Qe2 d6 13. g3 Qh3
14. O-O-O Nd7 15. Rhg1 Rf7 16. Rdf1 Raf8 17. g4 Qh4 18. Rg2 g5 19. b4 Rf3 20.
Rg3 R3f7 21. Nb3 Qxh2 22. Be1 Rf3 23. Rxf3 exf3 24. Qd3 Nf6 25. Nd2 Qg2 26. e4
Qxg4 27. d5 e5 28. Rh1 Nh5 29. Qf1 Nf4 30. Kb2 Qg2 31. Qxg2 fxg2 32. Rg1 Nd3+
33. Kc2 Nxe1+ 34. Rxe1 Rxf2 35. Kd3 Bc8 36. Ke3 Rf4 37. Rg1 Bh3 38. Ke2 h5 39.
a4 a5 40. bxa5 bxa5  0-1

[Event "Frauenbundesliga 2018/2019"]
[Site "St.Veit/Glan Fuchspalast & Blumenhalle; Jenbach Veranstaltungszentrum"]
[Date "2018.11.17"]
[Round "1"]
[Board "3"]
[White "Zechner, Andrea"]
[Black "Anker, Christin"]
[Result "1/2-1/2"]
[WhiteElo "1863"]
[BlackElo "1802"]
[PlyCount "64"]
[EventDate "2018.11.17"]
[EventType "team"]
[EventRounds "7"]
[EventCountry "AUT"]
[WhiteTeam "SK DolomitenBank Lienz"]
[BlackTeam "Schach ohne Grenzen"]

1. d4 {[%emt 0:00:00]} d5 2. c4 c6 3. Nc3 Nf6 4. Nf3 a6 5. c5 b5 6. cxb6 Qxb6
7. h3 e6 8. e3 Be7 9. Bd3 O-O 10. O-O a5 11. Na4 Qa7 12. Ne5 Ba6 13. Bxa6 Qxa6
14. Qc2 Rc8 15. Nc5 Bxc5 16. Qxc5 Nbd7 17. Nxd7 Nxd7 18. Qd6 Qb7 19. b3 c5 20.
Bb2 c4 21. Rfc1 Nf6 22. Qa3 cxb3 23. axb3 h6 24. Rxc8+ Rxc8 25. Rc1 Rb8 26. Bc3
Qxb3 27. Qxb3 Rxb3 28. Bxa5 Rb2 29. Be1 Ne4 30. Kf1 Kh7 31. Rd1 Kg6 32. f3 Nd6
 1/2-1/2

[Event "Frauenbundesliga 2018/2019"]
[Site "St.Veit/Glan Fuchspalast & Blumenhalle; Jenbach Veranstaltungszentrum"]
[Date "2018.11.17"]
[Round "1"]
[Board "4"]
[White "Wunderl, Eva"]
[Black "Katter, Marlene"]
[Result "1-0"]
[WhiteElo "1908"]
[BlackElo "1473"]
[PlyCount "100"]
[EventDate "2018.11.17"]
[EventType "team"]
[EventRounds "7"]
[EventCountry "AUT"]
[WhiteTeam "Schach ohne Grenzen"]
[BlackTeam "SK DolomitenBank Lienz"]

1. e4 {[%emt 0:00:00]} e6 2. d4 d5 3. Nd2 dxe4 4. Nxe4 Nd7 5. Nf3 Ngf6 6. Ng3
c5 7. c3 Be7 8. Bd3 O-O 9. O-O b6 10. Be3 Bb7 11. Qe2 Qc7 12. Rad1 Rfd8 13. Bc2
Rac8 14. Rfe1 h6 15. dxc5 Nxc5 16. Bd4 Nd5 17. Nh5 Bf8 18. Be5 Qe7 19. Qc4 Nd7
20. Qe4 g6 21. Qg4 N7f6 22. Nxf6+ Nxf6 23. Qf4 Nh5 24. Qg4 Nf6 25. Qf4 Nh5 26.
Qe3 Nf6 27. Bd4 Bg7 28. Ne5 Nh7 29. Qf4 Nf6 30. h3 Nh5 31. Qe3 Nf6 32. a3 Nh7
33. Bb3 Nf6 34. Nxf7 Bd5 35. Bxf6 Qxf7 36. Bxd5 Rxd5 37. Bxg7 Kxg7 38. Rxd5
exd5 39. Qd4+ Kg8 40. Qh4 Re8 41. Rxe8+ Qxe8 42. Qxh6 Qe1+ 43. Kh2 Qxf2 44.
Qxg6+ Kf8 45. Qd6+ Kg7 46. Qg3+ Qxg3+ 47. Kxg3 b5 48. Kf4 Kf6 49. g4 a5 50. g5+
Ke6  1-0

[Event "Frauenbundesliga 2018/2019"]
[Site "St.Veit/Glan Fuchspalast & Blumenhalle; Jenbach Veranstaltungszentrum"]
[Date "2018.11.18"]
[Round "2"]
[Board "1"]
[White "Hrescak, Ivana"]
[Black "Novkovic, Julia"]
[Result "1-0"]
[WhiteElo "2128"]
[BlackElo "2107"]
[PlyCount "53"]
[EventDate "2018.11.17"]
[EventType "team"]
[EventRounds "7"]
[EventCountry "AUT"]
[WhiteTeam "SK Advisory Invest Baden"]
[BlackTeam "SK Dornbirn"]

1. d4 d6 2. e4 Nf6 3. f3 c6 4. c4 e5 5. Ne2 Be7 6. Nbc3 Nbd7 7. Be3 Nh5 8. Qd2
h6 9. O-O-O Bg5 10. g4 Bxe3 11. Qxe3 Nhf6 12. Ng3 g6 13. h4 Qe7 14. h5 exd4 15.
Qxd4 Ne5 16. Be2 Be6 17. c5 Nfd7 18. cxd6 Qf6 19. Qe3 O-O-O 20. Qxa7 Qf4+ 21.
Kb1 Nb8 22. Na4 Rxd6 23. Nb6+ Kc7 24. Na8+ Kc8 25. Rxd6 Ned7 26. Rhd1 Qxg3 27.
Qa5  1-0

[Event "Frauenbundesliga 2018/2019"]
[Site "St.Veit/Glan Fuchspalast & Blumenhalle; Jenbach Veranstaltungszentrum"]
[Date "2018.11.18"]
[Round "2"]
[Board "3"]
[White "Vidic, Teja"]
[Black "Karner, Sylvia"]
[Result "1-0"]
[WhiteElo "2102"]
[BlackElo "1667"]
[PlyCount "81"]
[EventDate "2018.11.17"]
[EventType "team"]
[EventRounds "7"]
[EventCountry "AUT"]
[WhiteTeam "SK Advisory Invest Baden"]
[BlackTeam "SK Dornbirn"]

1. e4 e6 2. d4 d5 3. Nd2 Nf6 4. e5 Nfd7 5. Bd3 c5 6. c3 Nc6 7. Ne2 Qb6 8. Nf3
cxd4 9. cxd4 Be7 10. O-O f6 11. Nf4 Nf8 12. Re1 Bd7 13. exf6 gxf6 14. a4 O-O-O
15. a5 Qc7 16. Bd2 Kb8 17. Bf5 Qc8 18. Bc2 Bd6 19. a6 bxa6 20. Bd3 Qc7 21. Qc1
Nb4 22. Qxc7+ Kxc7 23. Bxa6 Kb8 24. Re3 Nxa6 25. Rxa6 Bc8 26. Ra5 Ka8 27. Rb3
h6 28. Nd3 Rh7 29. Nc5 Bxc5 30. Rxc5 Bb7 31. Rbc3 h5 32. Rc7 Rxc7 33. Rxc7 Nd7
34. g3 e5 35. dxe5 Nxe5 36. Nd4 Nc4 37. Bc3 Re8 38. Rf7 Nd6 39. Rh7 Ne4 40. Nb5
d4 41. Nc7+  1-0